[Event "Macapa Franco Memorial 6th"]
[Site "Macapa"]
[Date "2018.10.13"]
[Round "4"]
[White "De Paula Melo, Clodovio"]
[Black "Pires Alves, Josue"]
[Result "0-1"]
[WhiteElo "1638"]
[BlackElo "1816"]
[PlyCount "76"]
[EventDate "2018.10.11"]
[EventType "swiss"]
[EventRounds "6"]
[EventCountry "BRA"]
[SourceTitle "CBM 186 Extra"]
[Source "ChessBase"]
[SourceDate "2018.08.24"]
[SourceVersion "1"]
[SourceVersionDate "2018.08.24"]
[SourceQuality "1"]

1. e4 d5 2. e5 c5 3. Nf3 d4 4. Bc4 Nc6 5. a3 Qc7 6. Bb5 Bg4 7. Bxc6+ Qxc6 8. d3 Nh6 9. Bxh6 Qxh6 10. Nbd2 Qc6 11. 0-0 h5 12. h3 Bf5 13. Nh4 Be6 14. Ne4 Bd5 15. Qe2 0-0-0 16. f4 g6 17. b4 c4 18. a4 Bxe4 19. dxe4 d3 20. cxd3 cxd3 21. Qe3 Kb8 22. Rfd1 e6 23. Rac1 Qb6 24. Qxb6 axb6 25. Rc4 Bh6 26. g3 g5 27. fxg5 Bxg5 28. Nf3 Be3+ 29. Kh2 Rd7 30. Rc3 Rhd8 31. Ne1 h4 32. Rcxd3 hxg3+ 33. Kxg3 Bd4 34. Nf3 Bf2+ 35. Kxf2 Rxd3 36. Rxd3 Rxd3 37. Ng5 Rd4 38. Nxf7 Rxe4 0-1